The effects of the 2004 Olympic Games on the urban fabric of Athens (Record no. 102893)

MARC details
000 -LEADER
fixed length control field 01233cam a2200265 4500
001 - CONTROL NUMBER
control field J122647
008 - FIXED-LENGTH DATA ELEMENTS--GENERAL INFORMATION
fixed length control field 030117n2002 000 0 eng u
035 ## - SYSTEM CONTROL NUMBER
System control number (Sirsi) u122647
100 ## - MAIN ENTRY--PERSONAL NAME
Personal name Smyrniotis, Theo
245 #4 - TITLE STATEMENT
Title The effects of the 2004 Olympic Games on the urban fabric of Athens
Medium [videorecording]
260 ## - PUBLICATION, DISTRIBUTION, ETC.
Place of publication, distribution, etc. London
Name of publisher, distributor, etc. RICS
Date of publication, distribution, etc. 2002
490 ## - SERIES STATEMENT
Series statement RICS Multimedia Presentations
490 ## - SERIES STATEMENT
Series statement RICS Regeneration Forum Lecture Series
520 ## - SUMMARY, ETC.
Summary, etc. Considers how planners should deal with major events such as the Olympic games, and highlights the pros and cons for the host city. Advises that successful events should be planned well in advance with sustainability as a key Video presentation by Theo Smyrniotis from the Athens office of Price Waterhouse Coopers on the effects of the Olympic games in Athens on the urban fabric.
650 ## - SUBJECT ADDED ENTRY--TOPICAL TERM
Topical term or geographic name entry element Sustainability
9 (RLIN) 6271
650 ## - SUBJECT ADDED ENTRY--TOPICAL TERM
Topical term or geographic name entry element PLANNING PROCESS
650 ## - SUBJECT ADDED ENTRY--TOPICAL TERM
Topical term or geographic name entry element ATHENS
650 ## - SUBJECT ADDED ENTRY--TOPICAL TERM
Topical term or geographic name entry element Infrastructure
9 (RLIN) 6246
650 ## - SUBJECT ADDED ENTRY--TOPICAL TERM
Topical term or geographic name entry element ENVIRONMENTAL IMPACT
650 ## - SUBJECT ADDED ENTRY--TOPICAL TERM
Topical term or geographic name entry element OLYMPIC GAMES 2004
650 ## - SUBJECT ADDED ENTRY--TOPICAL TERM
Topical term or geographic name entry element EVENTS
690 ## - LOCAL SUBJECT ADDED ENTRY--TOPICAL TERM (OCLC, RLIN)
Topical term or geographic name as entry element ENVIRONMENTAL AND LAND CONSULTANCY-PLANNING AND DEVELOPMENT
710 ## - ADDED ENTRY--CORPORATE NAME
Corporate name or jurisdiction name as entry element Royal Institution of Chartered Surveyors
Subordinate unit Regeneration Forum
9 (RLIN) 4468
942 ## - ADDED ENTRY ELEMENTS (KOHA)
Suppress in OPAC 0
Holdings
Withdrawn status Lost status Source of classification or shelving scheme Damaged status Not for loan Home library Current library Shelving location Date acquired Total Checkouts Full call number Barcode Date last seen Copy number Price effective from Koha item type
    Dewey Decimal Classification     Virtual Virtual Online 18/06/2003   ONLINE PUBLICATION 122647-1001 06/08/2019 1 06/08/2019 Video